Statistics for Åsa-Nisse-filmer

Click here to take the quiz!

General Stats

  • This quiz has been taken 4 times
  • The average score is 8 of 20

Answer Stats

ÅrTitel% Correct
1956Åsa-Nisse flyger i luften
100%
1961Åsa-Nisse bland grevar och baroner
67%
1967Åsa-Nisse i agentform
33%
1957Åsa-Nisse i full fart
33%
1958Åsa-Nisse i kronans kläder
33%
1964Åsa-Nisse i popform
33%
1966Åsa-Nisse i raketform
33%
1969Åsa-Nisse i rekordform
33%
1959Åsa-Nisse jubilerar
33%
1968Åsa-Nisse och den stora kalabaliken
33%
1963Åsa-Nisse och tjocka släkten
33%
1955Åsa-Nisse ordnar allt
33%
1954Åsa-Nisse på hal is
33%
1950Åsa-Nisse på jaktstigen
33%
1962Åsa-Nisse på Mallorca
33%
1952Åsa-Nisse på nya äventyr
33%
1953Åsa-Nisse på semester
33%
1965Åsa-Nisse slår till
33%
1960Åsa-Nisse som polis
33%
2011Åsa-Nisse – wälkom to Knohult
33%

Score Distribution

Percentile by Number Answered

Percent of People with Each Score

Your Score History

You have not taken this quiz